| 000 | 00825nam a2200229 a 4500 | ||
|---|---|---|---|
| 999 |
_c12241 _d12241 |
||
| 001 | 12241 | ||
| 003 | BD-JhCC | ||
| 005 | 20210831093842.0 | ||
| 008 | 210831b2019 bg |||| ||a| 001 0 Ben d | ||
| 020 | _a9789849293224 | ||
| 035 | _a(BD-JhCC)12241 | ||
| 040 |
_aBD-JhCC _dBD-JhCC |
||
| 041 | _aBengali | ||
| 082 |
_a891.4409 _bSHA 2019 |
||
| 100 | _aশাস্ত্রী, হরপ্রসাদ | ||
| 245 |
_aহাজার বছরের পুরাণ বাঙ্গালা ভাষায়ঃ _bবৌদ্ধ গান ও দোহা / _cহরপ্রসাদ শাস্ত্রী। |
||
| 260 |
_aধাকাঃ _bজোনাকী প্রকাশনী; _c২০১৯. |
||
| 300 |
_a236 p. : _c22 cm. |
||
| 650 | _aHistory of bengali Literature | ||
| 942 |
_2ddc _cBK |
||